Sarah Chakko: (Record no. 346)

MARC details
000 -LEADER
fixed length control field 00599nam a2200157Ia 4500
008 - FIXED-LENGTH DATA ELEMENTS--GENERAL INFORMATION
fixed length control field 081213s9999 xx 000 0 und d
050 ## - LIBRARY OF CONGRESS CALL NUMBER
Classification number 262.009 2
Item number KUR
082 ## - DEWEY DECIMAL CLASSIFICATION NUMBER
Classification number 262.009 2
Item number KUR
100 ## - MAIN ENTRY--PERSONAL NAME
Personal name Kurian,M.
245 ## - TITLE STATEMENT
Title Sarah Chakko:
Remainder of title a voice of women in the ecumenical movement.
260 ## - PUBLICATION, DISTRIBUTION, ETC. (IMPRINT)
Date of publication, distribution, etc 1998
Place of publication, distribution, etc Thiruvalla,Kerala
Name of publisher, distributor, etc Christhava Sahithya Samithy
300 ## - PHYSICAL DESCRIPTION
Extent 173 p.
Dimensions 21 cm
650 ## - SUBJECT ADDED ENTRY--TOPICAL TERM
Topical term or geographic name as entry element Feminism
942 ## - ADDED ENTRY ELEMENTS (KOHA)
Item type Book
Source of classification or shelving scheme Library of Congress Classification
Holdings
Withdrawn status Lost status Source of classification or shelving scheme Damaged status Not for loan Collection code Home library Current library Shelving location Date acquired Source of acquisition Total Checkouts Full call number Barcode Date last borrowed Copy number Price effective from Koha item type
    Library of Congress Classification     Non-fiction Bishop Okullu Memorial Library (Limuru Campus) Bishop Okullu Memorial Library (Limuru Campus) General Circulation 07/10/2010 Purchase 2 BX 6.8 .C43 K87 1998 022510 25/10/2016 1 07/10/2010 Book